Feat rap fr - Statistiques

Statistiques générales
  • Ce quiz a été pris 291 fois
  • Le résultat moyen est 15 sur 50
Statistiques - réponses
Rappeur Son Feat % Correct
Ninho Maman ne le sait pas Niska
91%
PLK Pilote Hamza
89%
Booba Kalash Kaaris
81%
Maes Madrina Booba
80%
Dybala Jul
76%
Vald Vitrine Damso
63%
Chandon et Moët Heuss l’enfoiré
60%
Madre mia Ninho
57%
Laisse pas trainer ton fils Sofiane
54%
Dragon Sofiane
54%
Validée Benash
50%
Jusqu’à minuit Jul
50%
Hier SCH
50%
Nekfeu Ma dope S.pri noir
45%
Toutes générations Rim’k
41%
Esquimaux Népal
38%
Mardi gras Tiakola / zed
38%
Lacrim A.W.A French montana
37%
Peon Orelsan
37%
Sadek Andale Gradur
34%
Compte les hommes Alpha wann
30%
Dernier retrait Sch
30%
113 Damso
29%
ASB Maes
28%
Kalenji Zkr
26%
27 Freeze corleone
24%
Crésus Leto
24%
Le maire Oboy
22%
Mon ame Sneazzy
19%
Senor de los Gallos Werenoi
18%
La bise Brulux
17%
Pas ce soir Krisy
17%
Clan des loups Sadek
9%
DA Uzi Culiacan Mister you
8%
Carabine MHD
7%
C’ nous Niro
7%
La moue des morts S Crew
7%
Seth gueko Patate de forain Sefyu
7%
F.L.P Alonzo
6%
D’une autre manière Kaaris
5%
Last poètes Benjamin epps
4%
Gipsy King Kong Booba
4%
Ouais ouais Mac tyer
4%
Sans ratures Nessbeal
4%
Perroquet Kalash criminel
3%
Morts sous la même étoile Akhenaton / sat l’artificier
2%
Boulot Biga ranx
2%
Imbattable Keny arkana
2%
Sors ton portable Le rat luciano
2%
Le bruit du pepom Rim’k / Hamza / 25G
1%
Aucun quiz correspondant
Distribution des résultats
% des personnes avec chaque résultat
Percentile par nombre de réponses
Votre historique - résultats
Vous n’avez pas pris ce quiz